=LDR 00000nam 2200000 4500 =001 INLIS000000000027152 =005 20130612125540 =008 ***********************************Ind** =035 ##$$0010-061300000027152 =041 ##$$a Ind =082 ##$$a 028.5 =090 ##$$a 028.5, Rah k =100 ##$$a Rahimsyah, AR, MB =245 ##$$a Kisah nabi yusuf, MB Rahmansyah AR =260 ##$$a [S.a] $b Surabaya =300 ##$$a 16 hlm, ilus, 15 cm =650 ##$$a Bacaan anak-anak =850 ##$$a NBPNMAT